| 000 | 00736nam a2200229Ia 4500 | ||
|---|---|---|---|
| 008 | 200601s9999 xx 000 0 und d | ||
| 020 | _a0-7097-1428-9 | ||
| 050 | _aREF PC 2640 | ||
| 050 | _b.C53 2001 | ||
| 100 | _aClark, Colin | ||
| 245 | 0 | _aEnglish-French dictionary and word book = | |
| 245 | 0 | _bAnglais-Francais dictionnaire et vocabulaire / | |
| 245 | 0 | _cColin Clark; illustrated by Viviene Bray and Judy Hensman; translation by Dominique Cook. | |
| 260 | _aEngland : | ||
| 260 | _bBrown Watson. | ||
| 260 | _c2001 | ||
| 300 | _a186 pages : | ||
| 300 | _bcolor illustrations ; | ||
| 300 | _c25 cm. | ||
| 650 | _aFrench language -- Dictionaries -- English. | ||
| 650 | _xEnglish language -- Dictionaries -- French. | ||
| 999 |
_c363382 _d363382 |
||